Najbližšie zámery rozvoja SPŠ drevárskej vo Zvolene

Bibliographic Details
Main Author: Hazlinger, Jozef (Author)
Format: Article
Language:Slovak
ISSN:0012-6144
Subjects:

MARC

LEADER 00000nab a2200000 a 4500
001 vtls000537969
003 SK-MaSNL
005 20260304095621.0
008 250425c1994 xo 0 slo
015 |a SNBRB19rr/mm-uuuuu 
035 |a CL0538107 
035 |a urn:nbn:sk:snk-abf2go 
035 |a (urnnbn)urn:nbn:sk:snk:ar-005aik 
035 |a (uuid)77809eaf-1075-4c33-9137-3495009ad687 
040 |a SNKBUCL  |b slo  |c SNKBUCL  |e AACR2 
041 0 |a slo 
044 |a xo  |c SK 
080 |a 373.6:674(437.6)  |2 1981 
080 |a 674  |2 1981 
100 1 |a Hazlinger, Jozef  |4 aut  |9 993758 
245 1 0 |a Najbližšie zámery rozvoja SPŠ drevárskej vo Zvolene  |c Jozef Hazlinger 
650 0 7 |a Stredná priemyselná škola drevárska, Zvolen  |2 snkbucl  |9 993759 
655 7 |a články z novín a časopisov  |2 snkbucl  |9 267496 
773 0 |t Drevo  |g Roč. 49, č. 12 (1994), s. 268  |x 0012-6144 
850 |a Slovenská národná knižnica 
852 |a Slovenská národná knižnica 
954 |a odborná, vedecká literatúra pôvodná (slovenská)  |2 lita 
957 |a 5311 
958 |a article27 
958 |a RK 
958 |a OND 
958 |a EUIPO 
992 |a RBX 
999 |c 2833662  |d 2835592